RAPACE POMPIER - Statistiques

Statistiques générales
  • Ce quiz a été pris 90 fois
  • Le résultat moyen est 5 sur 6
Statistiques - réponses
Hint Réponse % Correct
R Robinet
95%
P Pression
92%
E Etanchéité
84%
C Code
83%
A Ajustement
78%
A Armement
78%
Aucun quiz correspondant
Distribution des résultats
% des personnes avec chaque résultat
Percentile par nombre de réponses
Votre historique - résultats
Vous n’avez pas pris ce quiz